| 000 | 00577nam a2200169Ia 4500 | ||
|---|---|---|---|
| 008 | 110201s9999 xx 000 0 und d | ||
| 082 |
_bB1404 _aV 11 |
||
| 100 | _aशिरवाडकर वसंत | ||
| 245 | _aऊर्जेच्या शोधात | ||
| 260 | _bपृथ्वी प्रकाशन | ||
| 365 | _b12 | ||
| 600 | _aशिरवाडकर वसंत | ||
| 630 | _aऊर्जेच्या शोधात | ||
| 700 | _aशिरवाडकर वसंत | ||
| 730 | _aऊर्जेच्या शोधात | ||
| 942 | _cBOOK | ||
| 999 |
_c828647 _d828644 |
||